Statystyki dla Medaliści cyklu Speedway Grand Prix

Kliknij tutaj aby rozwiązać quiz!

Ogólne statystyki

  • Ten quiz został rozwiązany 136 razy
  • Średni wynik to 20 z 26

Statystyki odpowiedzi

ROKZŁOTOSREBROBRĄZ% Poprawnych
2019Bartosz Zmarzlik11
100%
2010Tomasz Gollob11
99%
2018Tai Woffinden11
96%
2017Jason Doyle11
95%
2022Leon Madsen11
95%
2021Artiom Łaguta11
93%
1997Greg Hancock11
93%
2003Nicki Pedersen11
93%
2012Chris Holder11
92%
1998Tony Rickardsson11
92%
2015Jarosław Hampel11
91%
2009Jason Crump11
91%
2020Maciej Janowski11
90%
2013Patryk Dudek11
88%
1995Hans Nielsen11
81%
2014Krzysztof Kasprzak11
76%
2016Fredrik Lindgren11
73%
2000Mark Loram1
71%
1996Billy Hamill11
69%
1999Leigh Adams11
54%
2001Andreas Jonsson11
51%
2008Ryan Sullivan11
50%
2002Emil Sayfutdinov11
49%
2004Niels Kristian Iversen11
48%
2006Sam Ermolenko11
35%
2011Jimmy Nilsen11
21%

Rozkład punktacji

Percentyl według liczby udzielonych odpowiedzi

Procent ludzi z każdym wynikiem

Twoja historia wyników

Nie rozwiązałeś tego quizu